[Event "Masters B"]
[Site "Nancy FRA"]
[Date "2010.02.28"]
[Round "9"]
[White "Brethes,F"]
[Black "Henris,L"]
[Result "1/2-1/2"]
[WhiteElo "2257"]
[BlackElo "2302"]
[EventDate "2010.02.22"]

1. d4 f5 2. Nf3 Nf6 3. c4 d6 4. g3 g6 5. Bg2 Bg7 6. b4 O-O 7. Bb2 Nc6 8. b5
Na5 9. Nbd2 c6 10. O-O cxb5 11. cxb5 Bd7 12. a4 Qb6 13. Qb1 Rfc8 14. Qa2+
e6 15. Rfc1 Ne4 16. Nxe4 fxe4 17. Nd2 d5 18. e3 a6 19. Bc3 axb5 20. axb5
Qd8 21. Qb2 Nc4 22. Nxc4 Rxc4 23. Bf1 Rca4 24. Rxa4 Rxa4 25. Bb4 b6 26. Bd6
Ra7 27. Qb4 Bf8 28. Bh3 Ra2 29. Qb3 Qa8 30. Bxf8 Ra1 31. Rxa1 Qxa1+ 32. Kg2
Kxf8 33. Qb4+ Ke8 34. Bg4 h5 35. Be2 Qa2 36. Bf1 Qa8 37. Qd6 Qd8 38. Qe5
Kf7 39. Be2 Kg8 40. Qd6 Kf7 41. f3 exf3+ 42. Kxf3 Ke8 43. Bd3 Kf7 44. Kg2
Kg7 45. Qe5+ Kf7 46. Be2 Be8 47. Qf4+ Ke7 48. g4 hxg4 49. Qxg4 Kd7 50. Qf4
Qc7 51. Qxc7+ Kxc7 52. Kg3 Kd6 53. Kf4 Ke7 54. Ke5 g5 55. Bg4 Bd7 56. Bh3
Bc8 57. Bf1 Bd7 58. Bd3 Be8 59. Be2 Bd7 60. Bg4 Bc8 61. e4 dxe4 62. d5 e3
63. d6+ Kf7 64. Bh5+ Kg7 65. Be2 Bd7 66. Bd3 Bc8 1/2-1/2